00926nam a2200229 i 4500001000700000003000900007005001700016008004100033100004900074245008100123250002000204260004800224300002800272490004400300505005500344546005100399700002900450830004900479852002900528999001900557952012000576170779ES-MaACL20250808062742.0090406s1953 sp |||| | spa d0 aAgustín cSanto, Obispo de Hipona.912556310aObras de San Agustín. nT. XI / cedición preparada por Lope Cilleruelo. aEd. bilingüe. aMadrid : bLa Editorial Católica, c1953. aVII, 1100 p. ; c20 cm.1 aBiblioteca de autores cristianos ; v998 aContiene: Cartas (2º) (Complemento del tomo VIII) aTexto en latín y traducción en castellano.0 aCilleruelo, Lope.93882900aBiblioteca de autores cristianosv999178679 aES-MaACLjJ-97 9R.46092 c170779d170779 00104070aATENEOMbATENEOMcDEPO2d2009-04-06eCOMl0oJ-97p1179231r2023-02-23 00:00:00w2023-02-23yMONOGRAFIA